Devinez le Département Mystère #87 - Statistiques

Statistiques générales
  • Ce quiz a été pris 146 fois
  • Le résultat moyen est 29 sur 37
Statistiques - réponses
Type de Réponse Réponse % Correct
Lettre Trouvée N
100%
Lettre Trouvée R
100%
Lettre Trouvée A
99%
Lettre Trouvée E
99%
Lettre de l'Alphabet H
99%
Lettre Trouvée T
99%
Lettre Trouvée I
98%
Lettre de l'Alphabet O
98%
Lettre de l'Alphabet S
97%
Lettre Trouvée U
96%
Lettre de l'Alphabet D
95%
Lettre de l'Alphabet L
94%
Lettre de l'Alphabet C
92%
Lettre de l'Alphabet V
90%
Lettre Trouvée M
84%
Lettre de l'Alphabet B
83%
Lettre de l'Alphabet P
81%
Lettre de l'Alphabet G
80%
Lettre de l'Alphabet F
79%
Lettre de l'Alphabet Y
75%
Lettre de l'Alphabet J
66%
Lettre de l'Alphabet Z
66%
Lettre Bien Placée E
64%
Lettre Trouvée Q
64%
Lettre de l'Alphabet X
62%
Lettre Bien Placée A
61%
Lettre Bien Placée I
61%
Lettre Bien Placée I
61%
Lettre de l'Alphabet K
61%
Lettre Bien Placée M
61%
Département Mystère Martinique
61%
Lettre Bien Placée N
61%
Lettre Bien Placée Q
61%
Lettre Bien Placée R
61%
Lettre Bien Placée T
61%
Lettre Bien Placée U
61%
Lettre de l'Alphabet W
61%
Aucun quiz correspondant
Distribution des résultats
% des personnes avec chaque résultat
Percentile par nombre de réponses
Votre historique - résultats
Vous n’avez pas pris ce quiz